|
|
|
|
| LEADER |
01054cam a2200277 7i4500 |
| 001 |
0000062194 |
| 005 |
20221103090000.0 |
| 020 |
|
|
|a 9783030007348 (electronic book)
|
| 090 |
0 |
0 |
|a Q325.5
|b .D57 2019
|
| 100 |
1 |
|
|a Ding, Zhengming
|
| 245 |
1 |
0 |
|a Learning representation for multi-view data analysis :
|b models and applications
|c Zhengming Ding, Handong Zhao, Yun Fu.
|
| 264 |
|
|
|a Cham, Switzerland:
|b Springer,
|c 2019.
|
| 300 |
|
|
|a 1 online resource (x, 268 pages):
|b illustrations ,text file, PDF.
|
| 336 |
|
|
|a text
|2 rdacontent
|
| 337 |
|
|
|a computer
|2 rdamedia
|
| 338 |
|
|
|a online resource
|2 rdacarrier
|
| 490 |
0 |
|
|a Advanced information and knowledge processing
|
| 650 |
|
0 |
|a Learning models
|
| 650 |
|
0 |
|a Machine learning
|
| 655 |
|
0 |
|a Electronic books
|
| 700 |
1 |
|
|a Zhao, Hondong
|
| 700 |
1 |
|
|a Fu, Yun
|
| 856 |
4 |
2 |
|u http://library.unisel.edu.my/web/guest/mylibrary
|
| 997 |
|
|
|a Engineering & Life Sciences, Faculty
|b Engineering, Department
|
| 998 |
|
|
|a Mechanical Engineering, Degree
|
| 999 |
|
|
|a EBO0015086
|b EBOOK
|c EBOOK
|e Electronic resources
|